Coleccion de obras en verso y prosa / (Record no. 156074)
[ view plain ]
| 000 -LEADER | |
|---|---|
| campo de control de longitud fija | 01310nam a2200205 i 4500 |
| 001 - NÚMERO DE CONTROL | |
| campo de control | 156074 |
| 003 - IDENTIFICADOR DE NÚMERO DE CONTROL | |
| campo de control | ES-MaACL |
| 005 - FECHA Y HORA DE LA ÚLTIMA TRANSACCIÓN | |
| campo de control | 20230906210318.0 |
| 008 - DATOS DE LONGITUD FIJA--INFORMACIÓN GENERAL | |
| campo de control de longitud fija | 931025s1787 sp |||| | spa d |
| 040 ## - FUENTE DE CATALOGACIÓN | |
| Centro catalogador/agencia de origen | CAM |
| Lengua de catalogación | spa |
| Centro/agencia transcriptor | PAB |
| 100 1# - ENTRADA PRINCIPAL--NOMBRE DE PERSONA | |
| Nombre de persona | Iriarte, Tomás de ( |
| Fechas asociadas al nombre | 1750-1791) |
| 9 (RLIN) | 65443 |
| 245 10 - MENCIÓN DEL TÍTULO | |
| Título | Coleccion de obras en verso y prosa / |
| Mención de responsabilidad, etc. | de Tomás de Yriarte ; tomo I [-VI]. |
| 260 ## - PUBLICACIÓN, DISTRIBUCIÓN, ETC. | |
| Lugar de publicación, distribución, etc. | En Madrid : |
| Nombre del editor, distribuidor, etc. | en la imprenta de Benito Cano, |
| Fecha de publicación, distribución, etc. | 1787. |
| 300 ## - DESCRIPCIÓN FÍSICA | |
| Extensión | 6 t. (XXI, [3], 298, XLIV p., [1] h. en bl. ; XIV, 336 p. ; XX, 331 p. ; lII, 326 p. , [1] h. en bl ; [10], 356 p., [1] h. en bl. ; IV, 403 p.) ; |
| Dimensiones | 20 cm. |
| 505 8# - NOTA DE CONTENIDO CON FORMATO | |
| Nota de contenido con formato | t. I. Fabulas Literarias y la Musica, Poema -- t. II. Varias Poesias -- t. III. Los quatro primeros Libros de la Eneida de Virgilio, traducidos en verso Castellano -- t. IV. La Traduccion en verso de la Epístola de Horacio á los Pisones, y la Comedia intitulada El Señorito Mimado -- t. V. La comedia intitulada El Filósofo casado, la Tragedia del Huerfano de la China, y La Libreria, drama en un Acto -- t. VI. obras criticas |
| 597 ## - NOTA DE DESCRIPCIÓN FÍSICA | |
| NOTA DE DESCRIPCIÓN FÍSICA | Sign. : *8, 2*4, A-X8, Y3 * ; A-Y8, Z4 ; A-Y8 ; [ ]3, A-Z8, 2A5 ; A-Y8, Z7 ; :[ ]4, A-Z8, 2A-2B8, 2C2. |
| 597 ## - NOTA DE DESCRIPCIÓN FÍSICA | |
| NOTA DE DESCRIPCIÓN FÍSICA | Antep. |
| 597 ## - NOTA DE DESCRIPCIÓN FÍSICA | |
| NOTA DE DESCRIPCIÓN FÍSICA | Segunda obra con portada propia. |
| 852 ## - LOCALIZACIÓN | |
| Ubicación | ES-MaACL |
| Número de control de estantería | R-1204-09 |
| Nota libre | -- Enc. piel |
| Encuadernación | Olim:G-7490-5 |
| Estatus retirado | Estado de pérdida | Estado de daño | No para préstamo | Colección | Biblioteca de origen | Biblioteca actual | Ubicación en estantería | Fecha de adquisición | Total de préstamos | Signatura topográfica completa | Código de barras | Visto por última vez | Precio de reemplazo | Tipo de ítem Koha |
|---|---|---|---|---|---|---|---|---|---|---|---|---|---|---|
| Libros del s. XVIII | Biblioteca del Ateneo de Madrid | Biblioteca del Ateneo de Madrid | Depósito | 17/01/2008 | R-1204-09 | 1163281 | 23/02/2023 | 23/02/2023 | Libro impreso antiguo |
